Histoire grecque
保存先:
| 第一著者: | |
|---|---|
| フォーマット: | 図書 |
| 言語: | フランス語 |
| 出版事項: |
París
Presses Universitaires de France
1941
|
| 主題: | |
| タグ: |
タグ追加
タグなし, このレコードへの初めてのタグを付けませんか!
|
MARC
| LEADER | 00000nam a2200000 a 4500 | ||
|---|---|---|---|
| 001 | UCP9759 | ||
| 003 | CL-VaPUC | ||
| 008 | 000331e19410000FR |||||||||||||||||fre|d | ||
| 082 | 0 | 4 | |a 938 |b GLO |2 21 |
| 100 | |a Glotz, Gustave |e author |9 440550 | ||
| 245 | 1 | 0 | |a Histoire grecque |
| 300 | |a 4 v | ||
| 942 | |c BK | ||
| 945 | |d 20000331 00:00:00 |a rherrera | ||
| 260 | |a París |b Presses Universitaires de France |c 1941 | ||
| 500 | |a v.3: La Grèce au IV Siècle: la Lutte Pour L'Hegemonie 404-336 | ||
| 650 | 0 | |a Historia antigua |9 267521 | |
| 650 | 0 | |a Civilización griega |9 265578 | |
| 650 | 7 | |a ORIGENES |2 CL-VaPUC |9 367418 | |
| 650 | 7 | |a INVASIONES |2 CL-VaPUC |9 392362 | |
| 650 | 0 | |a Colonización |9 265172 | |
| 650 | 0 | |a Monarquía |9 255259 | |
| 650 | 0 | |a Guerras médicas |9 405682 | |
| 650 | 0 | |a Atenas |9 440093 | |
| 650 | 0 | |a Esparta, Antigua Grecia |9 440092 | |
| 650 | 0 | |a Religión griega |9 440084 | |
| 650 | 0 | |a Democracia |9 255256 | |
| 650 | 7 | |a GUERRA DEL PELOPONESO |2 CL-VaPUC |9 405685 | |
| 651 | 0 | |a Grecia |9 265314 | |
| 583 | |a last modification |c 20000331 00:00:00 |k Rodrigo Vera | ||
| 999 | |c 286545 |d 286543 | ||
| 952 | |0 0 |1 0 |4 0 |6 938_000000000000000_GLO_1941 |7 0 |8 X |9 332542 |a BIBHIS |b BIBHIS |d 2019-11-20 |h v.3 |i 1261762 |o 938 GLO 1941 |p 1261762 |r 2024-01-30 |w 2019-11-20 |y BK_X |k HIS | ||